<?xml version="1.0" encoding="UTF-8"?>
<collection xmlns="http://www.loc.gov/MARC21/slim">
 <record>
  <leader>02374nam a2200253 a 4500</leader>
  <controlfield tag="001">1/26398</controlfield>
  <controlfield tag="008">      s2002    lu     f      00010 gre d</controlfield>
  <datafield tag="022" ind1="0" ind2=" ">
   <subfield code="a">0254-1483</subfield>
  </datafield>
  <datafield tag="022" ind1="0" ind2=" ">
   <subfield code="a">0254-1475</subfield>
  </datafield>
  <datafield tag="028" ind1="3" ind2="1">
   <subfield code="a">KT-CO-02-667-GR-C</subfield>
  </datafield>
  <datafield tag="028" ind1="3" ind2="1">
   <subfield code="a">KT-CO-02-667-EN-C</subfield>
  </datafield>
  <datafield tag="028" ind1="3" ind2="1">
   <subfield code="a">2002/0270 (ACC)</subfield>
  </datafield>
  <datafield tag="035" ind1=" " ind2=" ">
   <subfield code="l">28236</subfield>
  </datafield>
  <datafield tag="040" ind1=" " ind2=" ">
   <subfield code="a">GR-PeUP</subfield>
  </datafield>
  <datafield tag="084" ind1="-" ind2="-">
   <subfield code="2">KET</subfield>
   <subfield code="a">COM (2002) 643 τελικό</subfield>
  </datafield>
  <datafield tag="110" ind1="2" ind2=" ">
   <subfield code="a">Επιτροπή των Ευρωπαϊκών Κοινοτήτων.</subfield>
  </datafield>
  <datafield tag="245" ind1="1" ind2="0">
   <subfield code="a">Πρόταση απόφαση του Συμβουλίου σχετικά με τη σύναψη πρωτοκόλλου για την προσαρμογή των εμπορικών πτυχών της Ευρωπαϊκής Συμφωνίας σύνδεσης μεταξύ των Ευρωπαϊκών Κοινοτήτων και των κρατών μελών τους, αφενός, και της Δημοκρατίας της Λετονίας, αφετέρου, ώστε να ληφθούν υπόψη τα αποτελέσματα των διαπραγματεύσεων μεταξύ των μερών για νέες αμοιβαίες γεωργικές επιχειρήσεις:</subfield>
   <subfield code="b">υποβληθείσα από την Επιτροπή/</subfield>
   <subfield code="c">Επιτροπή των Ευρωπαϊκών Κοινοτήτων</subfield>
  </datafield>
  <datafield tag="246" ind1="1" ind2="0">
   <subfield code="a">Proposal for a Council decision on the conclusion of a Protocol adjusting the trade aspects of the Europe Agreement establishing an association between the European Communities and their Member States, of the one part, and the Republic of Latvia, of the other part, to take account of the outcome of negotiations between the parties on new mutual agricultural concessions:</subfield>
   <subfield code="b">presented by the Commission</subfield>
  </datafield>
  <datafield tag="260" ind1="0" ind2=" ">
   <subfield code="a">Βρυξέλλες, Λουξεμβούργο:</subfield>
   <subfield code="b">Υπηρεσία Επισήμων Εκδόσεων των Ευρωπαϊκών Κοινοτήτων,</subfield>
   <subfield code="c">22.11.2002</subfield>
  </datafield>
  <datafield tag="300" ind1=" " ind2=" ">
   <subfield code="a">37 σελ.</subfield>
  </datafield>
  <datafield tag="500" ind1=" " ind2=" ">
   <subfield code="a">Δίγλωσσο</subfield>
  </datafield>
  <datafield tag="852" ind1=" " ind2=" ">
   <subfield code="a">INST</subfield>
   <subfield code="b">UNIPILB</subfield>
   <subfield code="c">KET</subfield>
   <subfield code="e">20050523</subfield>
   <subfield code="h">KET  COM (2002) 643 τελικό</subfield>
   <subfield code="p">COM (2002) 643</subfield>
   <subfield code="q">COM (2002) 643</subfield>
   <subfield code="t">NOLOAN</subfield>
   <subfield code="y">23</subfield>
   <subfield code="4">1</subfield>
  </datafield>
  <datafield tag="856" ind1="7" ind2="8">
   <subfield code="u">https://eur-lex.europa.eu/legal-content/EL/TXT/PDF/?uri=CELEX:52002PC0643&amp;qid=1551701911621&amp;from=EL</subfield>
  </datafield>
  <datafield tag="856" ind1="7" ind2="8">
   <subfield code="u">https://eur-lex.europa.eu/legal-content/EN/TXT/PDF/?uri=CELEX:52002PC0643&amp;qid=1551701911621&amp;from=EL</subfield>
  </datafield>
 </record>
</collection>
